CO NAJCZĘŚCIEJ DAJEMY W PREZENCIE NA OSIEMNASTE URODZINY? - Statystyki

Ogólne statystyki
  • Ten quiz został rozwiązany 16 razy
  • Średni wynik to 2 z 6
Statystyki odpowiedzi
Hint Odpowiedź % Poprawnych
1. PIENIĄDZE
92%
2. ALKOHOL
54%
3. SAMOCHÓD
54%
4. ZEGAREK
23%
5. ELEKTRONIKĘ
8%
6. NIEGRZECZNE GADŻETY
0%
Nie znaleziono quizów pasujących do podanych kryteriów
Rozkład punktacji
Procent ludzi z każdym wynikiem
Percentyl według liczby udzielonych odpowiedzi
Twoja historia wyników
Nie rozwiązałeś tego quizu